El derecho penal romano
Gorde:
| Egile nagusia: | |
|---|---|
| Formatua: | Liburua |
| Hizkuntza: | gaztelania |
| Argitaratua: |
Madrid
La España Moderna
1898
|
| Saila: | Biblioteca de Jurisprudencia, Filosofía e Historia
|
| Gaiak: | |
| Etiketak: |
Etiketa erantsi
Etiketarik gabe, Izan zaitez lehena erregistro honi etiketa jartzen!
|
MARC
| LEADER | 00000nam a2200000 a 4500 | ||
|---|---|---|---|
| 001 | UCS2197 | ||
| 003 | CL-VaPUC | ||
| 008 | 970523e18980000SP |||||||||||||||||spa|d | ||
| 082 | 0 | 4 | |a 340.54 |b MOM |2 21 |
| 100 | |a Mommsen, Teodoro |e autor |q Mommsen, Theodor |9 580211 | ||
| 245 | 1 | 3 | |a El derecho penal romano |
| 300 | |a 2 v | ||
| 942 | |c BK | ||
| 945 | |d 19970523 00:00:00 |a paguirre | ||
| 260 | |a Madrid |b La España Moderna |c 1898 | ||
| 650 | 0 | |a Derecho romano |9 255930 | |
| 650 | 7 | |a DERECHO PENAL |2 CL-VaPUC |9 11 | |
| 650 | 0 | |a Familias |9 255641 | |
| 650 | 0 | |a Filiación |9 256647 | |
| 650 | 0 | |a Jueces |9 256162 | |
| 650 | 7 | |a PERSONA |2 CL-VaPUC |9 327934 | |
| 650 | 0 | |a Ley penal |9 256611 | |
| 650 | 0 | |a Procedimiento penal |9 254974 | |
| 650 | 0 | |a Sentencias |9 256250 | |
| 650 | 7 | |a PRUEBA PENAL |2 CL-VaPUC |9 256157 | |
| 583 | |a last modification |c 19970523 00:00:00 |k Rodrigo Vera | ||
| 490 | 0 | |a Biblioteca de Jurisprudencia, Filosofía e Historia | |
| 999 | |c 260175 |d 260173 | ||
| 952 | |0 0 |1 0 |4 0 |6 340_540000000000000_MOM_1898 |7 0 |8 DER_ROM |9 286054 |a BIBDER |b BIBDER |d 2019-11-19 |h v.1 |i 1859374 |l 3 |m 1 |o 340.54 MOM 1898 |p 1859374 |r 2023-01-25 |s 2022-10-07 |w 2019-11-19 |x Ubicación 4to piso |y BK_X |z Este recurso debe solicitarse con anticipación |k DER | ||
| 952 | |0 0 |1 0 |4 0 |6 340_540000000000000_MOM_1898 |7 0 |8 DER_ROM |9 286055 |a BIBDER |b BIBDER |d 2019-11-19 |h v.2 |i 1859382 |l 3 |m 1 |o 340.54 MOM 1898 |p 1859382 |r 2023-01-25 |s 2022-10-07 |w 2019-11-19 |x Ubicación 4to piso |y BK_X |z Este recurso debe solicitarse con anticipación |k DER | ||